[Event "EYCC 2024 - O18"]
[Site "?"]
[Date "2024.08.31"]
[Round "9.9"]
[White "Hercegovac, Neven"]
[Black "Dogias, Christos"]
[Result "1-0"]
[BlackElo "2047"]
[WhiteElo "2278"]
[LiveChessVersion "1.4.8"]

1. e4 {[%clk 1:30:57]} c5 {[%clk 1:30:47]} 2. Nf3 {[%clk 1:31:22]} e6
{[%clk 1:31:13]} 3. d4 {[%clk 1:31:47]} cxd4 {[%clk 1:31:39]} 4. Nxd4
{[%clk 1:32:12]} Nc6 {[%clk 1:32:00]} 5. Nc3 {[%clk 1:32:38]} a6 {[%clk 1:32:26]}
6. Nxc6 {[%clk 1:33:04]} bxc6 {[%clk 1:32:48]} 7. Bd3 {[%clk 1:33:29]} Qc7
{[%clk 1:33:07]} 8. Qe2 {[%clk 1:33:54]} e5 {[%clk 1:30:52]} 9. O-O
{[%clk 1:30:48]} Nf6 {[%clk 1:30:59]} 10. f4 {[%clk 1:20:06]} Bd6
{[%clk 1:23:03]} 11. Kh1 {[%clk 1:05:52]} h5 {[%clk 1:20:30]} 12. Bd2
{[%clk 0:50:29]} h4 {[%clk 1:17:59]} 13. Rae1 {[%clk 0:49:21]} Nh5
{[%clk 1:11:18]} 14. Na4 {[%clk 0:40:11]} exf4 {[%clk 1:02:33]} 15. e5
{[%clk 0:39:53]} Be7 {[%clk 0:54:32]} 16. Bxf4 {[%clk 0:39:13]} Qa5
{[%clk 0:48:37]} 17. b3 {[%clk 0:37:59]} h3 {[%clk 0:44:45]} 18. g3
{[%clk 0:36:59]} Bb7 {[%clk 0:41:59]} 19. Bd2 {[%clk 0:36:13]} Qc7
{[%clk 0:34:45]} 20. Qf3 {[%clk 0:33:00]} c5 {[%clk 0:28:25]} 21. Be4
{[%clk 0:33:19]} Bxe4 {[%clk 0:27:33]} 22. Qxe4 {[%clk 0:33:03]} Rd8
{[%clk 0:21:13]} 23. g4 {[%clk 0:29:18]} d5 {[%clk 0:17:05]} 24. Qf3
{[%clk 0:29:38]} Bh4 {[%clk 0:12:54]} 25. Re2 {[%clk 0:29:53]} g6
{[%clk 0:12:38]} 26. Ba5 {[%clk 0:29:46]} 1-0

[Event "EYCC 2024 - O18"]
[Site "?"]
[Date "2024.08.31"]
[Round "9.10"]
[White "Ozen, Metehan"]
[Black "Klimkowski, Jan"]
[Result "1-0"]
[BlackElo "2508"]
[WhiteElo "2142"]
[LiveChessVersion "1.4.8"]

1. e4 {[%clk 1:30:27]} c6 {[%clk 1:30:55]} 2. d4 {[%clk 1:30:52]} d5
{[%clk 1:31:21]} 3. e5 {[%clk 1:31:18]} Bf5 {[%clk 1:31:47]} 4. h4
{[%clk 1:31:44]} h5 {[%clk 1:32:08]} 5. Bd3 {[%clk 1:31:49]} Bxd3
{[%clk 1:32:31]} 6. Qxd3 {[%clk 1:32:14]} Qa5+ {[%clk 1:32:50]} 7. Nd2
{[%clk 1:31:28]} e6 {[%clk 1:33:00]} 8. Ngf3 {[%clk 1:30:45]} Nh6
{[%clk 1:32:55]} 9. O-O {[%clk 1:30:15]} Nf5 {[%clk 1:33:09]} 10. Nb3
{[%clk 1:29:53]} Qa6 {[%clk 1:27:54]} 11. Qd1 {[%clk 1:30:21]} Nd7
{[%clk 1:26:24]} 12. Bg5 {[%clk 1:27:38]} b6 {[%clk 1:15:52]} 13. Nc1
{[%clk 1:23:49]} c5 {[%clk 1:15:33]} 14. c3 {[%clk 1:23:08]} Be7 {[%clk 0:57:55]}
15. Bxe7 {[%clk 1:22:40]} Nxe7 {[%clk 0:58:09]} 16. Ne2 {[%clk 1:20:39]} Ng6
{[%clk 0:54:40]} 17. Qd2 {[%clk 1:18:39]} O-O-O {[%clk 0:53:26]} 18. Nf4
{[%clk 1:16:16]} Nxf4 {[%clk 0:52:34]} 19. Qxf4 {[%clk 1:16:44]} Rdf8
{[%clk 0:51:38]} 20. Rfc1 {[%clk 1:12:13]} Qd3 {[%clk 0:46:34]} 21. c4
{[%clk 1:09:03]} dxc4 {[%clk 0:43:32]} 22. dxc5 {[%clk 1:07:45]} f6
{[%clk 0:34:16]} 23. Rxc4 {[%clk 0:45:02]} bxc5 {[%clk 0:32:26]} 24. Rac1
{[%clk 0:35:10]} fxe5 {[%clk 0:30:56]} 25. Nxe5 {[%clk 0:33:32]} Rxf4
{[%clk 0:23:31]} 26. Nxd3 {[%clk 0:34:01]} Rxc4 {[%clk 0:23:37]} 27. Rxc4
{[%clk 0:34:29]} g6 {[%clk 0:20:27]} 28. Nxc5 {[%clk 0:34:38]} Nxc5
{[%clk 0:20:52]} 29. Rxc5+ {[%clk 0:35:06]} Kd7 {[%clk 0:21:03]} 30. Rg5
{[%clk 0:32:11]} Rg8 {[%clk 0:21:17]} 31. g4 {[%clk 0:32:10]} hxg4
{[%clk 0:21:38]} 32. h5 {[%clk 0:32:30]} Ke7 {[%clk 0:21:42]} 33. hxg6
{[%clk 0:32:47]} Kf6 {[%clk 0:21:56]} 34. Rxg4 {[%clk 0:33:12]} Rxg6
{[%clk 0:22:24]} 35. Rxg6+ {[%clk 0:33:29]} Kxg6 {[%clk 0:22:52]} 36. Kg2
{[%clk 0:33:48]} Kf5 {[%clk 0:23:13]} 37. Kf3 {[%clk 0:33:49]} a5
{[%clk 0:23:38]} 38. b3 {[%clk 0:33:58]} Ke5 {[%clk 0:24:05]} 39. Ke3
{[%clk 0:33:41]} 1-0

[Event "EYCC 2024 - O18"]
[Site "?"]
[Date "2024.08.31"]
[Round "9.11"]
[White "Pyrih, Roman"]
[Black "Kasipour Azbari, Seyed Arvin"]
[Result "1-0"]
[BlackElo "2212"]
[WhiteElo "2422"]
[LiveChessVersion "1.4.8"]

1. e4 {[%clk 1:30:58]} c5 {[%clk 1:30:33]} 2. Nf3 {[%clk 1:31:23]} Nf6
{[%clk 1:30:59]} 3. d3 {[%clk 1:30:46]} d5 {[%clk 1:30:37]} 4. Nbd2
{[%clk 1:31:11]} e6 {[%clk 1:29:25]} 5. g3 {[%clk 1:30:27]} Nc6 {[%clk 1:29:02]}
6. Bg2 {[%clk 1:29:57]} Be7 {[%clk 1:27:53]} 7. O-O {[%clk 1:30:18]} O-O
{[%clk 1:27:51]} 8. e5 {[%clk 1:30:44]} Nd7 {[%clk 1:27:45]} 9. Re1
{[%clk 1:31:12]} Qc7 {[%clk 1:27:10]} 10. Qe2 {[%clk 1:31:38]} b6
{[%clk 1:22:48]} 11. h4 {[%clk 1:32:01]} Ba6 {[%clk 1:19:07]} 12. Nf1
{[%clk 1:32:24]} c4 {[%clk 1:16:34]} 13. d4 {[%clk 1:32:52]} Nb4 {[%clk 1:09:57]}
14. Qd1 {[%clk 1:31:51]} b5 {[%clk 0:59:02]} 15. h5 {[%clk 1:32:14]} Nb6
{[%clk 0:57:38]} 16. h6 {[%clk 1:32:34]} g6 {[%clk 0:57:55]} 17. N1h2
{[%clk 1:33:02]} Rae8 {[%clk 0:49:47]} 18. Bf4 {[%clk 1:33:06]} Na4
{[%clk 0:48:41]} 19. Qc1 {[%clk 1:33:34]} c3 {[%clk 0:46:33]} 20. b3
{[%clk 1:34:03]} Nb2 {[%clk 0:46:32]} 21. Bf1 {[%clk 1:34:32]} Qa5
{[%clk 0:39:09]} 22. Ng4 {[%clk 1:34:26]} Nc6 {[%clk 0:36:06]} 23. Bg5
{[%clk 1:34:51]} Qd8 {[%clk 0:28:03]} 24. Bxe7 {[%clk 1:33:47]} Rxe7
{[%clk 0:27:45]} 25. Nf6+ {[%clk 1:34:13]} Kh8 {[%clk 0:28:09]} 26. Qf4
{[%clk 1:34:38]} Rc7 {[%clk 0:27:20]} 27. Ng5 {[%clk 1:35:01]} Qe7
{[%clk 0:27:02]} 28. a3 {[%clk 1:35:13]} Nb8 {[%clk 0:26:05]} 29. Nfxh7
{[%clk 1:35:18]} Rfc8 {[%clk 0:26:32]} 30. Re3 {[%clk 1:35:37]} b4
{[%clk 0:26:45]} 31. Bxa6 {[%clk 1:34:50]} Nxa6 {[%clk 0:27:13]} 32. a4
{[%clk 1:35:18]} Nc4 33. bxc4 {[%clk 1:35:31]} b3 {[%clk 0:26:29]} 34. cxb3
{[%clk 1:35:37]} c2 {[%clk 0:26:58]} 35. c5 {[%clk 1:35:32]} Nxc5
{[%clk 0:27:23]} 36. dxc5 {[%clk 1:35:56]} d4 {[%clk 0:27:29]} 37. Rd3 Rxc5 38.
Rc1 {[%clk 1:35:09]} 1-0

[Event "EYCC 2024 - O18"]
[Site "?"]
[Date "2024.08.31"]
[Round "9.12"]
[White "Vergara Anton, Diego"]
[Black "Asllani, Dorian"]
[Result "1-0"]
[BlackElo "2061"]
[WhiteElo "2416"]
[LiveChessVersion "1.4.8"]

1. d4 {[%clk 1:30:58]} d5 {[%clk 1:30:53]} 2. Nf3 {[%clk 1:31:22]} e6
{[%clk 1:28:59]} 3. g3 {[%clk 1:31:47]} b6 {[%clk 1:28:35]} 4. Bg2
{[%clk 1:32:09]} Bb7 {[%clk 1:28:58]} 5. O-O {[%clk 1:32:35]} Nd7
{[%clk 1:29:17]} 6. c4 {[%clk 1:31:31]} dxc4 {[%clk 1:27:57]} 7. Qa4
{[%clk 1:31:15]} a6 {[%clk 1:26:43]} 8. Qxc4 {[%clk 1:30:34]} Ngf6
{[%clk 1:25:48]} 9. Nc3 {[%clk 1:29:48]} c5 {[%clk 1:24:10]} 10. dxc5
{[%clk 1:25:20]} Bxc5 {[%clk 1:23:02]} 11. e4 {[%clk 1:21:11]} b5
{[%clk 1:12:55]} 12. Qe2 {[%clk 1:21:17]} b4 {[%clk 1:06:51]} 13. Na4
{[%clk 1:17:09]} Bxe4 {[%clk 0:54:04]} 14. Nxc5 {[%clk 1:15:42]} Nxc5
{[%clk 0:52:21]} 15. Rd1 {[%clk 1:13:30]} Qa5 {[%clk 0:44:45]} 16. Bg5
{[%clk 1:10:28]} O-O {[%clk 0:23:00]} 17. Bxf6 {[%clk 1:10:06]} gxf6
{[%clk 0:23:28]} 18. Rd4 {[%clk 1:08:02]} Bg6 {[%clk 0:22:21]} 19. Qe3
{[%clk 1:05:18]} Rad8 {[%clk 0:21:14]} 20. h4 {[%clk 1:05:04]} Nd3
{[%clk 0:19:11]} 21. b3 {[%clk 1:02:25]} Rxd4 {[%clk 0:18:45]} 22. Qxd4
{[%clk 1:02:00]} Qc5 {[%clk 0:18:58]} 23. Qxc5 {[%clk 0:56:43]} Nxc5
{[%clk 0:19:27]} 24. Rc1 {[%clk 0:57:12]} Ne4 {[%clk 0:18:44]} 25. Rc4
{[%clk 0:55:54]} Nc3 {[%clk 0:17:14]} 26. Rxb4 {[%clk 0:54:16]} Nxa2
{[%clk 0:17:19]} 27. Ra4 {[%clk 0:54:10]} Nc1 {[%clk 0:17:40]} 28. b4
{[%clk 0:53:23]} Bd3 {[%clk 0:16:54]} 29. Ra1 {[%clk 0:51:28]} Ne2+
{[%clk 0:16:57]} 30. Kh2 {[%clk 0:51:41]} Rc8 {[%clk 0:15:53]} 31. h5
{[%clk 0:47:53]} Rc1 {[%clk 0:14:57]} 32. Ra3 {[%clk 0:46:52]} Bb5
{[%clk 0:13:36]} 33. h6 {[%clk 0:46:05]} f5 {[%clk 0:11:58]} 34. Ra2
{[%clk 0:45:06]} f6 {[%clk 0:11:07]} 35. Rd2 {[%clk 0:45:04]} Kf7
{[%clk 0:11:36]} 36. Nh4 {[%clk 0:44:15]} Ke7 {[%clk 0:04:54]} 37. Bf3
{[%clk 0:43:28]} Nc3 {[%clk 0:04:22]} 38. Ng6+ {[%clk 0:43:12]} Kf7
{[%clk 0:04:51]} 39. Nf4 {[%clk 0:43:41]} Ne4 {[%clk 0:03:32]} 40. Rd8
{[%clk 0:41:41]} e5 {[%clk 0:00:55]} 41. Nd5 {[%clk 0:37:31]} Bc6
{[%clk 0:00:44]} 42. Bxe4 {[%clk 0:33:17]} fxe4 {[%clk 0:01:13]} 43. Ne3
{[%clk 0:33:29]} f5 {[%clk 0:00:32]} 44. Rh8 {[%clk 0:32:45]} Kg6
{[%clk 0:00:32]} 45. Rg8+ {[%clk 0:33:13]} Kf6 {[%clk 0:00:32]} 46. Rf8+
{[%clk 0:32:57]} Kg6 {[%clk 0:00:38]} 47. Rxf5 {[%clk 0:33:09]} Kxh6
{[%clk 0:00:33]} 48. Rxe5 {[%clk 0:33:38]} Kg7 {[%clk 0:00:33]} 49. Re7+
{[%clk 0:34:00]} Kg6 {[%clk 0:00:37]} 50. g4 {[%clk 0:33:59]} Kg5
{[%clk 0:00:31]} 51. Rxh7 {[%clk 0:33:38]} Bb5 {[%clk 0:00:36]} 52. Rg7+
{[%clk 0:33:32]} Kf6 {[%clk 0:00:51]} 53. Rg8 {[%clk 0:33:52]} Kf7
{[%clk 0:00:56]} 54. Rd8 {[%clk 0:34:07]} Rb1 {[%clk 0:01:11]} 55. Rd4
{[%clk 0:34:34]} Bd3 {[%clk 0:01:04]} 56. Kg3 {[%clk 0:34:54]} Re1
{[%clk 0:00:48]} 57. g5 {[%clk 0:34:19]} Re2 {[%clk 0:00:37]} 58. Rd6
{[%clk 0:34:37]} Re1 {[%clk 0:00:31]} 59. g6+ {[%clk 0:34:47]} Ke8
{[%clk 0:00:38]} 60. Kf4 {[%clk 0:34:51]} Re2 {[%clk 0:00:31]} 61. Ng4
{[%clk 0:34:21]} 1-0

[Event "EYCC 2024 - O18"]
[Site "?"]
[Date "2024.08.31"]
[Round "9.13"]
[White "Ribeiro, Gustavo"]
[Black "Chyzy, Jakub"]
[Result "1/2-1/2"]
[BlackElo "2368"]
[WhiteElo "2183"]
[LiveChessVersion "1.4.8"]

1. e4 {[%clk 1:30:57]} e5 {[%clk 1:30:58]} 2. Nf3 {[%clk 1:31:24]} Nc6
{[%clk 1:31:24]} 3. Nc3 {[%clk 1:31:48]} Nf6 {[%clk 1:31:49]} 4. d4
{[%clk 1:32:15]} exd4 {[%clk 1:32:15]} 5. Nxd4 {[%clk 1:32:42]} Bb4
{[%clk 1:32:42]} 6. Nxc6 {[%clk 1:33:07]} bxc6 {[%clk 1:33:09]} 7. Bd3
{[%clk 1:33:31]} O-O {[%clk 1:33:34]} 8. O-O {[%clk 1:33:57]} d5 {[%clk 1:33:57]}
9. exd5 {[%clk 1:34:22]} cxd5 {[%clk 1:34:23]} 10. h3 {[%clk 1:34:39]} Be6
{[%clk 1:34:09]} 11. Qf3 {[%clk 1:34:58]} Rb8 {[%clk 1:33:42]} 12. Ne2
{[%clk 1:34:22]} Bd6 {[%clk 1:26:43]} 13. b3 {[%clk 1:29:50]} c5 {[%clk 1:26:25]}
14. Bg5 {[%clk 1:25:41]} h6 {[%clk 0:55:43]} 15. Bh4 {[%clk 1:21:09]} Rb4
{[%clk 0:55:03]} 16. Bg3 {[%clk 1:19:57]} Bxg3 {[%clk 0:30:49]} 17. Nxg3
{[%clk 1:19:52]} Qc7 {[%clk 0:31:11]} 18. c3 {[%clk 1:19:55]} Rf4
{[%clk 0:29:56]} 19. Qe3 {[%clk 1:18:52]} d4 {[%clk 0:28:54]} 20. cxd4
{[%clk 1:19:13]} Rxd4 {[%clk 0:20:47]} 21. Ne2 {[%clk 1:12:39]} Nd5
{[%clk 0:19:41]} 22. Qf3 {[%clk 1:12:54]} Rh4 {[%clk 0:18:35]} 23. Bc4
{[%clk 1:11:42]} Nf4 {[%clk 0:17:56]} 24. Bxe6 {[%clk 1:11:33]} Nxe6
{[%clk 0:17:22]} 1/2-1/2

[Event "EYCC 2024 - O18"]
[Site "?"]
[Date "2024.08.31"]
[Round "9.14"]
[White "Falkevall, Axel"]
[Black "Kuti, Oliver"]
[Result "1-0"]
[BlackElo "2114"]
[WhiteElo "2325"]
[LiveChessVersion "1.4.8"]

1. d4 {[%clk 1:30:57]} Nf6 {[%clk 1:30:54]} 2. c4 {[%clk 1:31:25]} g6
{[%clk 1:31:17]} 3. Nc3 {[%clk 1:31:51]} Bg7 {[%clk 1:31:42]} 4. e4
{[%clk 1:32:17]} d6 {[%clk 1:32:08]} 5. h3 {[%clk 1:32:43]} O-O {[%clk 1:32:33]}
6. Be2 {[%clk 1:32:57]} c5 {[%clk 1:29:53]} 7. d5 {[%clk 1:33:12]} e6
{[%clk 1:28:22]} 8. Nf3 {[%clk 1:32:42]} Re8 {[%clk 1:25:46]} 9. O-O
{[%clk 1:31:37]} exd5 {[%clk 1:26:10]} 10. exd5 {[%clk 1:32:04]} Na6
{[%clk 1:25:21]} 11. Bd3 {[%clk 1:28:15]} Nc7 {[%clk 1:11:11]} 12. a4
{[%clk 1:17:44]} b6 {[%clk 1:04:41]} 13. Bg5 {[%clk 1:13:41]} h6 {[%clk 1:03:50]}
14. Be3 {[%clk 1:12:38]} a6 {[%clk 1:03:10]} 15. Qd2 {[%clk 1:12:10]} Kh7
{[%clk 1:02:48]} 16. Rae1 {[%clk 1:03:16]} Bb7 {[%clk 0:46:23]} 17. Qc2
{[%clk 1:02:05]} b5 {[%clk 0:46:13]} 18. b3 {[%clk 1:01:32]} Rb8 {[%clk 0:39:29]}
19. g4 {[%clk 0:57:20]} bxc4 {[%clk 0:32:28]} 20. bxc4 {[%clk 0:57:10]} Nxg4
{[%clk 0:31:54]} 21. hxg4 {[%clk 0:52:41]} Qf6 {[%clk 0:32:21]} 22. Ng5+
{[%clk 0:51:13]} hxg5 {[%clk 0:32:38]} 23. Ne4 {[%clk 0:51:27]} Rxe4
{[%clk 0:23:14]} 24. Bxe4 {[%clk 0:51:51]} Bc8 {[%clk 0:23:22]} 25. Rb1
{[%clk 0:43:12]} Rxb1 {[%clk 0:23:31]} 26. Qxb1 {[%clk 0:42:55]} Bxg4
{[%clk 0:23:51]} 27. Kg2 {[%clk 0:42:21]} Qe5 {[%clk 0:16:49]} 28. f3
{[%clk 0:35:57]} Bd7 {[%clk 0:15:02]} 29. Rh1+ {[%clk 0:28:14]} Kg8
{[%clk 0:15:29]} 30. Bf2 {[%clk 0:27:06]} g4 {[%clk 0:14:10]} 31. fxg4
{[%clk 0:24:52]} Bxg4 {[%clk 0:12:36]} 32. Bg3 {[%clk 0:24:02]} Qe7
{[%clk 0:08:56]} 33. Qb8+ {[%clk 0:15:35]} Ne8 {[%clk 0:09:21]} 34. Bf3
{[%clk 0:14:21]} Bxf3+ {[%clk 0:06:22]} 35. Kxf3 {[%clk 0:14:49]} Bc3
{[%clk 0:04:00]} 36. Bxd6 {[%clk 0:13:25]} Qxd6 {[%clk 0:03:56]} 37. Qxe8+
{[%clk 0:13:46]} Qf8 {[%clk 0:04:24]} 38. Qxf8+ {[%clk 0:12:47]} Kxf8
{[%clk 0:04:53]} 39. Rb1 {[%clk 0:12:04]} Bb4 {[%clk 0:05:01]} 40. d6
{[%clk 0:11:46]} Ke8 {[%clk 0:05:04]} 41. Ke4 {[%clk 0:12:10]} Kd7
{[%clk 0:03:09]} 42. Kd5 {[%clk 0:12:32]} g5 {[%clk 0:02:24]} 43. Rf1
{[%clk 0:12:28]} Ke8 {[%clk 0:02:48]} 44. Kc6 {[%clk 0:12:44]} g4
{[%clk 0:03:10]} 45. d7+ {[%clk 0:13:05]} Ke7 {[%clk 0:03:32]} 46. Rxf7+
{[%clk 0:12:36]} 1-0

[Event "EYCC 2024 - O18"]
[Site "?"]
[Date "2024.08.31"]
[Round "9.15"]
[White "Trushko, Andrii"]
[Black "Zlatkov, Anton"]
[Result "0-1"]
[BlackElo "2297"]
[WhiteElo "2154"]
[LiveChessVersion "1.4.8"]

1. d4 {[%clk 1:30:58]} Nf6 {[%clk 1:30:55]} 2. Bg5 {[%clk 1:31:23]} d5
{[%clk 1:31:19]} 3. e3 {[%clk 1:31:41]} c5 {[%clk 1:31:34]} 4. c3
{[%clk 1:31:42]} Nc6 {[%clk 1:31:47]} 5. Nd2 {[%clk 1:32:04]} cxd4
{[%clk 1:29:17]} 6. exd4 {[%clk 1:31:41]} Bf5 {[%clk 1:29:23]} 7. Ngf3
{[%clk 1:30:39]} h6 {[%clk 1:23:20]} 8. Bf4 {[%clk 1:26:50]} e6 {[%clk 1:20:47]}
9. h3 {[%clk 1:25:04]} g5 {[%clk 1:03:46]} 10. Be5 {[%clk 1:24:36]} Nxe5
{[%clk 0:59:05]} 11. Nxe5 {[%clk 1:24:17]} Bd6 {[%clk 0:56:19]} 12. Bb5+
{[%clk 1:13:38]} Kf8 {[%clk 0:56:43]} 13. Qe2 {[%clk 1:14:04]} Qc7
{[%clk 0:53:50]} 14. g4 {[%clk 1:02:10]} Bh7 {[%clk 0:46:40]} 15. O-O
{[%clk 0:53:59]} a6 {[%clk 0:42:25]} 16. Ba4 {[%clk 0:53:26]} b5 {[%clk 0:42:16]}
17. Bb3 {[%clk 0:53:47]} Bxe5 {[%clk 0:40:12]} 18. Qxe5 {[%clk 0:53:53]} Qxe5
{[%clk 0:40:26]} 19. dxe5 {[%clk 0:54:21]} Nd7 {[%clk 0:40:09]} 20. Rfe1
{[%clk 0:54:18]} Nc5 {[%clk 0:32:54]} 21. Re3 {[%clk 0:53:04]} Nd3
{[%clk 0:27:11]} 22. a4 {[%clk 0:47:43]} bxa4 {[%clk 0:27:26]} 23. Bc2
{[%clk 0:48:12]} Nxb2 {[%clk 0:21:35]} 24. Bxh7 {[%clk 0:48:40]} Rxh7
{[%clk 0:21:58]} 25. Rb1 {[%clk 0:49:03]} a3 {[%clk 0:19:44]} 26. c4
{[%clk 0:48:14]} Nxc4 {[%clk 0:14:07]} 27. Nxc4 {[%clk 0:47:02]} dxc4
{[%clk 0:14:16]} 28. Rxa3 {[%clk 0:47:27]} f5 {[%clk 0:10:31]} 29. gxf5
{[%clk 0:42:45]} exf5 {[%clk 0:10:17]} 30. Rb6 {[%clk 0:43:14]} Rc7
{[%clk 0:08:58]} 31. Rxh6 {[%clk 0:43:43]} Kg7 {[%clk 0:07:22]} 32. Rhxa6
{[%clk 0:44:07]} Rxa6 {[%clk 0:07:43]} 33. Rxa6 {[%clk 0:44:34]} c3
{[%clk 0:07:31]} 34. Ra1 {[%clk 0:45:03]} c2 {[%clk 0:04:32]} 35. Rc1
{[%clk 0:45:32]} Kf7 {[%clk 0:04:18]} 36. h4 {[%clk 0:44:59]} gxh4
{[%clk 0:03:01]} 37. Kg2 {[%clk 0:45:24]} Ke6 {[%clk 0:03:03]} 38. f4
{[%clk 0:45:49]} Rc3 {[%clk 0:02:22]} 39. Kf2 {[%clk 0:45:34]} h3
{[%clk 0:02:24]} 40. Kg1 {[%clk 0:45:45]} Kd5 {[%clk 0:02:14]} 41. Kh2
{[%clk 0:46:13]} Kd4 {[%clk 0:01:51]} 42. e6 {[%clk 0:46:42]} Kd3
{[%clk 0:02:07]} 43. e7 {[%clk 0:47:08]} Rc8 {[%clk 0:02:36]} 44. Kxh3
{[%clk 0:47:33]} Rh8+ {[%clk 0:02:50]} 0-1

[Event "EYCC 2024 - O18"]
[Site "?"]
[Date "2024.08.31"]
[Round "9.16"]
[White "Szikszai, Bertalan"]
[Black "Andries, Alf"]
[Result "1-0"]
[BlackElo "2024"]
[WhiteElo "2278"]
[LiveChessVersion "1.4.8"]

1. e4 {[%clk 1:30:54]} e5 {[%clk 1:30:53]} 2. Nf3 {[%clk 1:31:17]} Nc6
{[%clk 1:31:18]} 3. Bb5 {[%clk 1:29:23]} a6 {[%clk 1:31:42]} 4. Ba4
{[%clk 1:29:45]} Nf6 {[%clk 1:32:07]} 5. d3 {[%clk 1:28:12]} b5 {[%clk 1:31:37]}
6. Bb3 {[%clk 1:28:35]} Be7 {[%clk 1:31:00]} 7. O-O {[%clk 1:28:54]} O-O
{[%clk 1:31:07]} 8. Nc3 {[%clk 1:09:52]} d6 {[%clk 1:28:40]} 9. a3
{[%clk 1:10:10]} Bg4 {[%clk 1:24:17]} 10. Be3 {[%clk 1:10:14]} Nd4
{[%clk 1:24:12]} 11. Bxd4 {[%clk 1:10:34]} exd4 {[%clk 1:24:41]} 12. Nd5
{[%clk 1:04:43]} Nxd5 {[%clk 1:24:56]} 13. Bxd5 {[%clk 1:05:05]} Rb8
{[%clk 1:25:18]} 14. h3 {[%clk 1:05:12]} Bxf3 {[%clk 1:24:28]} 15. Qxf3
{[%clk 1:05:24]} Qd7 {[%clk 1:22:18]} 16. Bb3 {[%clk 1:00:48]} Bf6
{[%clk 1:16:52]} 17. Rfe1 {[%clk 1:00:43]} a5 {[%clk 1:14:35]} 18. a4
{[%clk 1:00:44]} b4 {[%clk 1:15:04]} 19. Re2 {[%clk 0:57:46]} Rbe8
{[%clk 1:12:54]} 20. Rae1 {[%clk 0:54:58]} Be5 {[%clk 1:05:22]} 21. Qf5
{[%clk 0:37:35]} Qxf5 {[%clk 1:01:50]} 22. exf5 {[%clk 0:37:58]} Rc8
{[%clk 1:01:59]} 23. Rxe5 {[%clk 0:32:11]} dxe5 {[%clk 1:02:01]} 24. Rxe5
{[%clk 0:32:40]} c5 {[%clk 0:55:17]} 25. Re7 {[%clk 0:32:51]} g6 {[%clk 0:54:24]}
26. f6 {[%clk 0:28:04]} Rc6 {[%clk 0:54:26]} 27. Ra7 {[%clk 0:27:56]} Rxf6
{[%clk 0:54:45]} 28. Rxa5 {[%clk 0:28:20]} Rc8 {[%clk 0:54:32]} 29. Ra7
{[%clk 0:28:21]} Rfc6 {[%clk 0:52:50]} 30. Bxf7+ {[%clk 0:23:18]} Kg7
{[%clk 0:52:46]} 31. Bd5+ {[%clk 0:23:32]} R6c7 {[%clk 0:53:11]} 32. Ra6
{[%clk 0:23:21]} Rd8 {[%clk 0:53:18]} 33. Be4 {[%clk 0:19:32]} Rdd7
{[%clk 0:53:08]} 34. b3 Rf7 35. Rb6 {[%clk 0:19:29]} Rf6 {[%clk 0:52:28]} 36. Rb5
{[%clk 0:19:25]} Ra6 {[%clk 0:52:16]} 37. f3 {[%clk 0:17:39]} Kf7
{[%clk 0:50:16]} 38. Kf2 {[%clk 0:16:53]} Ke7 {[%clk 0:50:30]} 39. Kg3
{[%clk 0:17:14]} Kf6 {[%clk 0:50:20]} 40. Rb8 {[%clk 0:17:18]} Ke6
{[%clk 0:49:35]} 41. Kf4 {[%clk 0:17:22]} Kf6 {[%clk 0:49:06]} 42. Kg4
{[%clk 0:15:37]} Raa7 {[%clk 0:48:08]} 43. Rb6+ {[%clk 0:15:55]} Kf7
{[%clk 0:47:41]} 44. Kf4 {[%clk 0:16:01]} Re7 {[%clk 0:47:48]} 45. Bd5+
{[%clk 0:15:31]} Kg7 {[%clk 0:47:56]} 46. Be4 {[%clk 0:15:19]} Kf7
{[%clk 0:48:25]} 47. g4 {[%clk 0:15:07]} Kg7 {[%clk 0:48:32]} 48. h4
{[%clk 0:15:28]} Kf7 {[%clk 0:48:28]} 49. Bd5+ {[%clk 0:15:23]} Kg7
{[%clk 0:48:57]} 50. Be6 {[%clk 0:15:27]} Rab7 {[%clk 0:48:49]} 51. Rd6
{[%clk 0:15:37]} h6 {[%clk 0:48:55]} 52. Ke5 {[%clk 0:15:19]} g5 {[%clk 0:49:11]}
53. hxg5 {[%clk 0:15:07]} hxg5 {[%clk 0:49:40]} 54. Kf5 {[%clk 0:15:18]} Rf7+
{[%clk 0:49:59]} 55. Bxf7 {[%clk 0:15:36]} Rxf7+ {[%clk 0:50:26]} 56. Kxg5
{[%clk 0:15:56]} Rxf3 {[%clk 0:50:54]} 57. Rd7+ {[%clk 0:16:15]} Kf8
{[%clk 0:51:23]} 58. Rc7 {[%clk 0:16:33]} 1-0